| 000 | 00720nam a2200193 a 4500 | ||
|---|---|---|---|
| 008 | 101105s2005 ||||||||||||||||| || u | ||
| 020 | _a8129707632 | ||
| 050 | _aGE 70 Jos | ||
| 100 | _aNagendran, R | ||
| 245 | 1 | 0 |
_aEssentials of environmental studies _cKurian Joseph, R. Nagendran |
| 260 |
_aNew Delhi: _bPearson _c2005 |
||
| 300 | _axii, 503p.: ill. | ||
| 350 | _a0.00 | ||
| 650 | _aCONSERVATION OF NATURAL RESOURCES--STUDY AND TEACHING | ||
| 650 | _aHUMAN ECOLOGY--STUDY AND TEACHING | ||
| 650 | _aENVIRONMENT | ||
| 700 | _aJoseph, Kurian | ||
| 995 |
_D0.00 _FCBU-MAIN LIBRARY (Kitwe) _H1 _I0.00 _M1 _UAVAILABLE _WDec 15, 2010 _ZMain Library Open Access Collection |
||
| 999 |
_c42433 _d42433 |
||